|
|
|
|
| LEADER |
01289ncm a22002772a 4500 |
| 001 |
000965396 |
| 003 |
CZ BrMZK |
| 005 |
20100604104707.0 |
| 007 |
qu |
| 008 |
090911s1988 xr |||||||||||||||||cze d |
| 040 |
|
|
|a BOA001
|b cze
|
| 100 |
1 |
|
|a Šlitr, Jiří,
|d 1924-1969
|7 jk01130482
|4 cmp
|
| 245 |
1 |
0 |
|a Šlitr-Suchý-Semafor.
|n [1]
|h [hudebnina] /
|c hudba Jiří Šlitr ; slova Jiří Suchý ; upravil Zdeněk Němeček
|
| 246 |
3 |
|
|a Semafor
|
| 250 |
|
|
|a 1. vyd
|
| 260 |
|
|
|a Praha :
|b Supraphon,
|c 1988
|
| 300 |
|
|
|a 57 s.
|
| 490 |
1 |
|
|a Sborník Supraphonu ;
|v 146
|
| 505 |
0 |
0 |
|t Blues pro tebe --
|t Marnivá sestřenice --
|t Léta dozrávání --
|t Dítě školou povinné --
|t Klokočí --
|t Pramínek vlasů --
|t Kočka na okně --
|t Písnička pro Zuzanu --
|t Píseň o rose --
|t Motýl --
|t Proč se lidi nemaj rádi --
|t Z mého života --
|t Tulipán --
|t Kaňonem takhle k večeru --
|t Tu krásu nelze popsat slovy --
|t Honky tonky blues --
|t Písnička pro kočku --
|t Kamarádi
|
| 700 |
1 |
|
|a Suchý, Jiří,
|d 1931 říjen 1.-
|7 jk01121734
|4 lyr
|
| 710 |
2 |
|
|a Divadlo Semafor
|7 kn20010709448
|
| 830 |
|
0 |
|a Sborník Supraphonu
|
| 910 |
|
|
|a BOA001
|b Mus1-0962.335,1
|
| 990 |
|
|
|a MU
|
| 991 |
|
|
|b 200909
|
| 996 |
6 |
|
|b 2619325924
|c Mus1-0962.335,1
|l MZK
|r Sklad / do 1 hodiny
|n 4
|w 000965396
|u 000010
|a 1
|e BOA001
|j MZK50
|s P
|